000
00321nam a2200121Ia 4500
008
231221s9999 xx 000 0 und d
020
_a
9780000000000
100
_a
Robbins, Stephen P. Judge, Timothy A. Vohra, Neharika
245
0
_a
Organizational Behavior
250
_a
Global Edition
260
_c
2016
942
_c
EB
999
_c
237288
_d
237288